Statistics for Al Franken Filmography

Click here to take the quiz!

General Stats

  • This quiz has been taken 4 times
    (2 since last reset)
  • The average score is 20 of 45

Answer Stats

TypeYearName% Correct
TV Show1975-2002Saturday Night Live
100%
TV Show19963rd Rock from the Sun
50%
TV Show1973ABC Late Night
50%
Documentary2006Al Franken: God Spoke
50%
TV Film1978All You Need Is Cash
50%
Documentary Mini-Series2005America Undercover
50%
TV Show1981An Evening at the Improv
50%
TV Show2001Clerks
50%
TV Show1997Dr. Katz, Professional Therapist
50%
Writer1984Franken and Davis at Stockton State
50%
TV Mini-Series1998From the Earth to the Moon
50%
Music Video1984Ghostbusters
50%
Concert Film1981Grateful Dead: Dead Ahead
50%
TV Show1998-1999LateLine
50%
TV Show2004Mouthing Off: 51 Greatest Smartasses
50%
TV Film1991MTV, Give Me Back My Life: A Harvard Lampoon Party
50%
Film1986One More Saturday Night
50%
Documentary2004Outfoxed: Rupert Murdoch's War on Journalism
50%
Commercial1999Parkay Margarine
50%
Writer1996-1997Politically Incorrect
50%
TV Documentary2011Saturday Night Live Backstage
50%
TV Special1999SNL: 25 Years of Music
50%
TV Special1981Steve Martin's Best Show Ever
50%
Writer1981Steve Martin's Best Show Ever
50%
Film1995Stuart Saves His Family
50%
TV Documentary1988Superman 50th Anniversary
50%
TV Short1985Tab Lloyd: Investigative Reporter
50%
Podcast2020-PresentThe Al Franken Podcast
50%
TV Show2004-2007The Al Franken Show
50%
Film1997The Definite Maybe
50%
TV Show1997The Larry Sanders Show
50%
Film2004The Manchurian Candidate
50%
Writer1984The New Show
50%
TV Special2002The N.Y. Friars Club Roast of Chevy Chase
50%
Film1983Trading Places
50%
Film1976Tunnel Vision
50%
Writer1994When a Man Loves a Woman
50%
Commercial2004Yahoo!
50%
Writer1981Bob & Ray, Jane, Laraine & Gilda
0%
Film2001Harvard Man
0%
Documentary2011Hot Coffee
0%
TV Special1989Saturday Night Live: 15th Anniversary
0%
Film2004Tanner on Tanner
0%
TV Special2000The N.Y. Friars Club Roast of Rob Reiner
0%
Writer1977The Paul Simon Special
0%

Score Distribution

Percentile by Number Answered

Percent of People with Each Score

Your Score History

You have not taken this quiz since the last reset